| 000 | 00477nam a2200193Ia 4500 | ||
|---|---|---|---|
| 003 | 0100 | ||
| 008 | 130227s9999 xx 000 0 und d | ||
| 040 | _cARRUPELIB | ||
| 050 | _aJC571.A135 1980 | ||
| 100 | _aAckerman, Bruce A. | ||
| 245 | _aSocial justice in the liberal state | ||
| 260 | _aNew Haven and London | ||
| 260 | _bYale University Press | ||
| 260 | _C1980 | ||
| 300 | _axii | ||
| 300 | _b 392p. 25cm. | ||
| 650 | _bMissions - Congresses | ||
| 942 |
_2lcc _01 |
||
| 999 |
_c2363 _d2363 |
||